Sports Quiz

Random Sports or Football Quiz

Winners of Macedonian Football Cup Quiz Stats

 Plays Quiz not verified by Sporcle

Support Sporcle.
Go Orange.
Score 0/14 Timer 02:00
0 Plays Today
% Correct
Vardar
44.4%
Sileks
44.4%
Pelister
33.3%
Pobeda
33.3%
Rabotnicki
22.2%
Teteks
22.2%
Makedonija
22.2%
% Correct
Metalurg
22.2%
Bashkimi
22.2%
Sloga Jugomagnat
11.1%
Shkendija
11.1%
Cementarnica 55
11.1%
Renova
11.1%
Akademija Pandev
11.1%

You're not logged in!

Compare scores with friends on all Sporcle quizzes.
OR
Log In

From the Vault

World's Largest Arabic Speaking Cities

by Quartz

This quiz might have really helped out Indiana Jones.
Remove Ads.
Support Sporcle.
Get the best of Sporcle when you Go Orange. This ad-free experience offers more features, more stats, and more fun while also helping to support Sporcle. Thank you for becoming a member.

Show Comments

Extras

Top Quizzes Today


Score Distribution

Your Account Isn't Verified!

In order to create a playlist on Sporcle, you need to verify the email address you used during registration. Go to your Sporcle Settings to finish the process.

Report this User

Report this user for behavior that violates our Community Guidelines.

Details: